03323njm a2200517Ia 4500001000600000003000900006005001700015008004100032040001300073040001300086100001100099100001800110100003800128245003600166250001100202260001100213260005700224300001700281300003000298500008700328505041000415511004500825511013000870511002501000511010201025511005201127511011901179511002901298511007401327511009101401511015401492650005201646700012901698700009201827700007001919700007501989700007802064700006402142700009102206700006402297700008002361700008102441700009202522700010102614700009002715F5041IT-RoPAU20220918181114.0131025s9999 xx 000 0 und d aIT-RoPAU cIT-RoPAU aAA.VV. eAutore musica gCodice autore musica SPICS: 12000 aRussian Style il jazz in Russia a1a ed. aMILANO bRUSCONIc1998 [1a Ed.:1998 - Ed. Lingua Orig.: 1998] aCOMPACT DISC c63 minuti (Testo: 0 pag.) aMusica jazz. Cd fuori commercio allegato al n. 11 '98 della rivista "Musica jazz". aTriptych In the Style of jazz [(Novosibirsk 1986) (7:00)] - Ain't Misbehavin' [(Leningrado 1983) (8:00)] - Cold [(Novosibirsk 1992) (5:00)] - Umtza-Umtza [(Leningrado 1981) (9:00)] - Waltz [(Leningrado 1985) (3:00)] - Delusion [(Leningrado 1983) (7:00)] - Messenger (7:00) - First Recording "A" [(Leningrado 1980) (6:00)] - Raga Blues [(Novosibirsk 1986) (7:00)] - American Standards, Russian Style (7:00) aGuyvoronsky Vyacheslav: tr; Lee Nelly: p aPonomareva Valentina: voc; Chekasin Vladimir: alto; Molokoedov Oleg: p; Shinkarenko Leonid: cb; Laurinavichus Gediminas: batt aYukechev Yurin: sint aGanelin Vyacheslav: p, perc; Chekasin Vladimir: fl dolce, alto, voc; Tarasov Vladimir: batt, perc aGuyvoronsky Vyacheslav: tr; Volkov Vladimir: cb aVapirov Anatoly: sop; Kuryokhin Sergey: p; Galenieks Ivars: cb; Belichenko Sergey: batt; Ponomareva Valentina: voc aTrofimov Sergey: chit el aKuryokhin Sergey: p, perc; Butman Igor: alto; Pumpyan Alexander: chit aGuyvoronsky Vyacheslav: tr; Suyfullin Askhat: cello, voc; percussioninista sconosciuto aChekasin Vladimir, Vysniauskas Petras: sassofoni; Molokoedov Oleg: p; Shinkarenko Leonid: cb; Laurinavichus Gediminas: batt; luogo e data sconosciuti aJAZZ [COMPACT DISC]eCodice MATERIA SPICS: 9949 aGuyvoronsky VyacheslavdCodice autore musica SPICS: 51649eAutore musicapTriptych In the Style of jazz - Waltz - Raga Blues aWaller Thomas FatsdCodice autore musica SPICS: 15948eAutore musicapAin't Misbehavin' aRazaf AndydCodice autore SPICS: 10573eAutorepAin't Misbehavin' aYukechev YurindCodice autore musica SPICS: 51650eAutore musicapCold aGanelin V.dCodice autore musica SPICS: 51651eAutore musicapUmtza-Umtza aTarasov V.dCodice autore SPICS: 51652eAutorepUmtza-Umtza aChekasin V.dCodice autore testo/musica SPICS: 51653eAutore testo/musicapUmtza-Umtza aVolkoff VladimirdCodice autore SPICS: 44412eAutorepWaltz aVapirov AnatolydCodice autore musica SPICS: 51654eAutore musicapDelusion aTrofimov SergeydCodice autore musica SPICS: 51655eAutore musicapMessenger aKuryokhin SergeydCodice autore musica SPICS: 51656eAutore musicapFirst Recording "A" aChekasin V.dCodice autore musica SPICS: 51653eAutore musicapAmerican Standards, Russian Style aVysniauskas P.dCodice autore SPICS: 51657eAutorepAmerican Standards, Russian Style